<?xml version="1.0" encoding="UTF-8"?>
<marc:record xmlns:marc="http://www.loc.gov/MARC21/slim">
   <marc:leader>00000nam a2200000 a 4500</marc:leader>
   <marc:datafield ind1="1" ind2=" " tag="100">
      <marc:subfield code="a">Blade, Adam</marc:subfield>
      <marc:subfield code="4">aut</marc:subfield>
      <marc:subfield code="e">Verfasser/-in</marc:subfield>
   </marc:datafield>
   <marc:datafield ind1="1" ind2=" " tag="100">
      <marc:subfield code="a">Karl, Elke</marc:subfield>
   </marc:datafield>
   <marc:datafield ind1=" " ind2=" " tag="653">
      <marc:subfield code="a">Kinderbuch</marc:subfield>
   </marc:datafield>
   <marc:datafield ind1="0" ind2="0" tag="245">
      <marc:subfield code="a">Trillion, Tyrann der Wildnis</marc:subfield>
   </marc:datafield>
   <marc:datafield ind1="0" ind2="0" tag="245">
      <marc:subfield code="c">Adam Blade. Aus dem Engl. übers. von Elke Karl</marc:subfield>
   </marc:datafield>
   <marc:datafield ind1=" " ind2="1" tag="264">
      <marc:subfield code="a">Bindlach</marc:subfield>
      <marc:subfield code="b">Loewe</marc:subfield>
      <marc:subfield code="c">2010</marc:subfield>
   </marc:datafield>
   <marc:datafield ind1="1" ind2=" " tag="490">
      <marc:subfield code="a">Best Quest</marc:subfield>
      <marc:subfield code="v">Bd. 12</marc:subfield>
   </marc:datafield>
   <marc:datafield ind1=" " ind2=" " tag="250">
      <marc:subfield code="a">1. Aufl.</marc:subfield>
   </marc:datafield>
   <marc:datafield ind1="1" ind2=" " tag="520">
      <marc:subfield code="a">Der böse Zauberer Malvel hatte Avantias Heiligtum, die goldene Rüstung, gestohlen, liess die Einzelteile von 12 Bestien bewachen. 11 hat Tom zusammen mit Elenna, dem Pferd Storm und dem zahmen Wolf Silver schon besiegt. Jetzt müssen sie noch gegen das 12. Biest, Trillion, den Tyrannen der Wildnis, einen gigantischen 3-köpfigen Löwen kämpfen, der die Rüstungsstiefel bewacht. Nur mithilfe des einst vom Bann Malvels befreiten Pferdemenschen Tagus können sie die Bestie besiegen, die Stiefel bergen. Die jetzt komplette Rüstung verleiht Tom magische Kraft. - Eigentlich wäre damit seine Mission erfüllt. Doch über dem See, in dem Trillion versank, öffnet sich ein riesiges Löwenmaul als Tor für ein weiteres Abenteuer. Noch ist der gute Magier Aduro nicht aus Malvels Gewalt befreit, noch Toms Vater nicht gefunden. - Im stets gleichen Rhythmus - Aufgabe, Abenteuer, drastische Kämpfe und Siege - sind die Episoden dieser recht reisserischen Reihe. Lesefutter vorrangig für Jungen. Ab 8</marc:subfield>
   </marc:datafield>
   <marc:datafield ind1=" " ind2=" " tag="020">
      <marc:subfield code="a">9783785567142</marc:subfield>
      <marc:subfield code="9">9783785567142</marc:subfield>
   </marc:datafield>
   <marc:datafield ind1=" " ind2=" " tag="020">
      <marc:subfield code="a">3785567146</marc:subfield>
      <marc:subfield code="9">3785567146</marc:subfield>
   </marc:datafield>
   <marc:datafield ind1="0" ind2=" " tag="490">
      <marc:subfield code="v">12</marc:subfield>
   </marc:datafield>
   <marc:datafield ind1=" " ind2=" " tag="300">
      <marc:subfield code="a">119 S. : Ill.</marc:subfield>
   </marc:datafield>
</marc:record>
